[Event "ISL-chT2 2122"]
[Site "Reykjavik"]
[Date "2022.03.05"]
[Round "6.4"]
[White "Fridbertsson, Aegir Pall"]
[Black "Magnusson, Thorlakur"]
[Result "1-0"]
[WhiteElo "2079"]
[BlackElo "1804"]
[PlyCount "44"]
[EventDate "2021.10.01"]
[EventType "team-tourn"]
[EventRounds "7"]
[EventCountry "ISL"]
[SourceTitle "EXT 2024"]
[Source "ChessBase"]
[SourceDate "2023.10.10"]
[SourceVersion "1"]
[SourceVersionDate "2023.10.10"]
[SourceQuality "1"]
[WhiteTeam "Vestmannaeyja"]
[BlackTeam "Gardabaer III"]
[WhiteTeamCountry "ISL"]
[BlackTeamCountry "ISL"]

1. d4 d5 2. c4 e6 3. Nf3 Nf6 4. e3 Be7 5. Bd3 0-0 6. 0-0 Nbd7 7. Nc3 Re8 8. b3 c6 9. Qe2 Nf8 10. Ne5 N6d7 11. f4 f5 12. Bb2 Nf6 13. Rac1 N8d7 14. cxd5 cxd5 15. Nb5 Nxe5 16. dxe5 Ne4 17. Nc7 Bd7 18. Nxa8 Qxa8 19. Bb5 Qd8 20. Rc2 g5 21. Rfc1 a6 22. Bxd7 Qxd7 1-0